Les enfants de Thanos (Marvel) - Statistiques

Statistiques générales
  • Ce quiz a été pris 59 fois
  • Le résultat moyen est 4 sur 6
Statistiques - réponses
Enfants de Thanos % Correct
Gamora
94%
Nebula
90%
Ebony Maw
61%
Corvus Glaive
51%
Proxima Midnight
47%
Cull Obsidian
41%
Aucun quiz correspondant
Distribution des résultats
% des personnes avec chaque résultat
Percentile par nombre de réponses
Votre historique - résultats
Vous n’avez pas pris ce quiz